| 000 | 00996nam a2200325Ia 4500 | ||
|---|---|---|---|
| 001 | dia_5950 | ||
| 003 | CHAP | ||
| 005 | 20251023173330.0 | ||
| 008 | 220117s2005 xx 000 0 und d | ||
| 010 | _a177083 | ||
| 020 | _a978-607-11-2521-7 | ||
| 040 | _cCHAP | ||
| 082 | _a808.839352042 M66 H57 2005 | ||
| 100 |
_aMontero, Rosa _9160137 |
||
| 245 |
_aHistoria el rey transparente / _c Rosa Montero |
||
| 260 |
_aMéxico : _b Santillana, _c2005 |
||
| 300 | _a591 p. | ||
| 440 |
_aPunto de lectura ; 14 _9160138 |
||
| 590 | _aPQ6663.O554 H57 2005 | ||
| 650 |
_aFiction _9152751 |
||
| 650 |
_aLiteratura española _xSiglo XXI _9160139 |
||
| 650 |
_aMujeres _xFrancia _xNovela _9160140 |
||
| 650 |
_aNovela _982011 |
||
| 650 | 0 |
_aSpanish literature _y21st century _9160141 |
|
| 650 |
_aWomen _xFrance _xFiction _9160142 |
||
| 901 | _a808.839352042 M66 H57 2005 | ||
| 902 | _aM | ||
| 905 | _a5232272005 mx ab 8222223332spa16 | ||
| 942 |
_cLIBRO _2ddc |
||
| 999 |
_c177083 _d177083 |
||